|
|
|
|
| LEADER |
02308njm a2200529 a 4500 |
| 001 |
000185686 |
| 003 |
CZ BrMZK |
| 005 |
20230411134620.0 |
| 008 |
010907m19761995xr f cze d |
| 028 |
0 |
1 |
|a SU 3025-4 611
|b Supraphon Records
|
| 040 |
|
|
|a BOA001
|b cze
|
| 080 |
|
|
|a 792.562(086.7)
|2 MRF
|
| 080 |
|
|
|a 782.8(086.7)
|2 MRF
|
| 100 |
1 |
|
|a Nedbal, Oskar,
|d 1874-1930
|7 jn19990009941
|4 cmp
|
| 245 |
1 |
0 |
|a Polská krev
|h [zvukový dokument] :
|b opereta o 3 dějstvích /
|c Oskar Nedbal ; libreto Stein Leo ; texty písní Zdeněk Knittl
|
| 260 |
|
|
|a Praha (Supraphon Records)
|c p1976,p1995
|
| 300 |
|
|
|a 1 MC :
|b stereo +
|e 1 složený list.
|
| 306 |
|
|
|a 011339
|
| 500 |
|
|
|a Nahr.1973
|
| 500 |
|
|
|a Durata 73:39
|
| 511 |
0 |
|
|a Jindřich Janda zpěv; Pavla Břínková zpěv; Zdeněk Matouš zpěv...[et al.].
|
| 653 |
0 |
|
|a operety
|
| 700 |
1 |
|
|a Steimarová, Jiřina,
|d 1916-2007
|7 jn19990209796
|4 prf
|
| 700 |
1 |
|
|a Třešňáková, Gabriela,
|d 1912-1985
|7 xx0174552
|4 prf
|
| 700 |
1 |
|
|a Vohnout, František,
|d 1913-1980
|7 hka0076139
|4 prf
|
| 700 |
1 |
|
|a Waltrová, Jožka
|4 prf
|
| 700 |
1 |
|
|a Černý, Ladislav,
|d 1891-1975
|7 jn20000403027
|4 cnd
|
| 700 |
1 |
|
|a Knittl, Zdeněk,
|d 1889-1955
|7 jk01060823
|4 lyr
|
| 700 |
1 |
|
|a Stein, Leo,
|d 1862-1920
|7 xx0039198
|4 lbt
|
| 700 |
1 |
|
|a Břínková, Pavla,
|d 1949-
|7 jn20000400354
|4 prf
|
| 700 |
1 |
|
|a Gult, Karel,
|d 1947-2025
|7 mzk2008479790
|4 prf
|
| 700 |
1 |
|
|a Holcman, Milota,
|d 1922-2004
|7 xx0182510
|4 prf
|
| 700 |
1 |
|
|a Homolka, Miroslav,
|d 1927-2001
|7 jo20000080615
|4 cnd
|
| 700 |
1 |
|
|a Janda, Jindřich,
|d 1926-2009
|7 jk01050840
|4 prf
|
| 700 |
1 |
|
|a Janoušek, Josef
|7 jx20040909018
|4 prf
|
| 700 |
1 |
|
|a Kadlec, Vratislav,
|d 1940-2020
|7 xx0249932
|4 prf
|
| 700 |
1 |
|
|a Macků, Věra,
|d 1929-2002
|7 ola200203483
|4 prf
|
| 700 |
1 |
|
|a Matouš, Zdeněk,
|d 1931-2006
|7 jo2004244361
|4 prf
|
| 700 |
1 |
|
|a Sedliský, Jan,
|d 1926-2019
|7 pna2012691980
|4 prf
|
| 700 |
1 |
|
|a Stašek, Čestmír,
|d 1926-2020
|7 jk01120955
|4 cnd
|
| 710 |
2 |
|
|a Pražský dětský sbor
|7 ko2004252573
|
| 710 |
2 |
|
|a Pěvecký sbor Československého rozhlasu
|7 ko2003171993
|4 prf
|
| 710 |
2 |
|
|a Operetní studiový orchestr
|7 ko2004252574
|4 prf
|
| 910 |
|
|
|a BOA001
|b KZ-0003.810
|
| 964 |
|
|
|a Operety
|x MC
|
| 990 |
|
|
|a AV
|
| 996 |
6 |
|
|b 261H003846
|c KZ-0003.810
|l MZK
|r Sklad / do 24 hodin
|n 0
|p p.v.
|w 000185686
|u 000010
|a 1
|e BOA001
|j MZK50
|s P
|